00301nam a2200109Ia 4500008004100000041000800041082001500049100003200064245004900096260003700145300000900182220803s9999 xx 000 0 und d aeng a720.47 PAT aRawal R Ed. Khadpekar N Ed. aSustainable Habitat For Developing Societies aAhmedabadbCEPT Universityc2014 a302p